El gran amor de Pablo Neruda (Record no. 127921)

MARC details
000 -LEADER
campo de control de longitud fija 00575nam a2200193 4500
001 - NÚMERO DE CONTROL
campo de control 127921
003 - IDENTIFICADOR DE NÚMERO DE CONTROL
campo de control ES-MaACL
005 - FECHA Y HORA DE LA ÚLTIMA TRANSACCIÓN
campo de control 20230906193124.0
007 - CAMPO FIJO DE DESCRIPCIÓN FÍSICA--INFORMACIÓN GENERAL
campo de control de longitud fija t|
008 - DATOS DE LONGITUD FIJA--INFORMACIÓN GENERAL
campo de control de longitud fija 070214s1973 sp r ||||1| spa d
100 1# - ENTRADA PRINCIPAL--NOMBRE DE PERSONA
Nombre de persona Rivero, Eliana S.
9 (RLIN) 97681
245 13 - MENCIÓN DEL TÍTULO
Título El gran amor de Pablo Neruda
Resto del título : estudio crítico de su poesía /
Mención de responsabilidad, etc. Eliana S. Rivero.
260 ## - PUBLICACIÓN, DISTRIBUCIÓN, ETC.
Lugar de publicación, distribución, etc. Madrid :
Nombre del editor, distribuidor, etc. Playor,
Fecha de publicación, distribución, etc. 1973.
300 ## - DESCRIPCIÓN FÍSICA
Extensión 182 p. ;
Dimensiones 21 cm.
490 1# - MENCIÓN DE SERIE
Mención de serie Plaza Mayor Scholar ;
Designación de volumen o secuencia 1
830 0# - PUNTO DE ACCESO ADICIONAL DE SERIE-TÍTULO UNIFORME
Título uniforme Plaza Mayor Scholar ;
Designación de volumen o secuencia 1
9 (RLIN) 181264
852 ## - LOCALIZACIÓN
Ubicación ES-MaACL
Número de control de estantería C-51942
Sublocalización o colección R.85729
Holdings
Estatus retirado Estado de pérdida Estado de daño No para préstamo Biblioteca de origen Biblioteca actual Ubicación en estantería Fecha de adquisición Fuente de adquisición Total de préstamos Signatura topográfica completa Código de barras Visto por última vez Precio de reemplazo Tipo de ítem Koha
        Biblioteca del Ateneo de Madrid Biblioteca del Ateneo de Madrid Depósito 2 17/01/2008     C-51942 1133235 23/02/2023 23/02/2023 Libro impreso